Midrash agadat Bereshit : (Record no. 31918)

MARC details
000 -LEADER
fixed length control field 00953cam a22002531 4500
001 - CONTROL NUMBER
control field he 66001503
003 - CONTROL NUMBER IDENTIFIER
control field DLC
005 - DATE AND TIME OF LATEST TRANSACTION
control field 20260227111441.0
008 - FIXED-LENGTH DATA ELEMENTS--GENERAL INFORMATION
fixed length control field 850123s1876 pl 000 0 heb
010 ## - LIBRARY OF CONGRESS CONTROL NUMBER
LC control number he 66001503
035 ## - SYSTEM CONTROL NUMBER
System control number (OCoLC)19203038
040 ## - CATALOGING SOURCE
Original cataloging agency DLC
Transcribing agency MH
Modifying agency CU
-- DLC
042 ## - AUTHENTICATION CODE
Authentication code premarc
050 00 - LIBRARY OF CONGRESS CALL NUMBER
Classification number BM517
Item number .A3 1876
130 0# - MAIN ENTRY--UNIFORM TITLE
Uniform title Midrash Aggadat Bereshit.
245 10 - TITLE STATEMENT
Title Midrash agadat Bereshit :
Remainder of title derushim...ʻim perushe ʻEts Yosef, ʻAnaf Yosef, ṿe-Yad Yosef... /
Statement of responsibility, etc. me-et...Ḥanokh Zundl... ; Midrash temurah...Masekhet kele Bet ha-miḳdash, Maʻaśeh de-Rabi Yehoshuʻa ben Leṿi, Masekhet atsilut u-varaita mi-pirḳe ha-merkavah...u-varaita di-melekhet ha-mishḳan..
260 ## - PUBLICATION, DISTRIBUTION, ETC.
Place of publication, distribution, etc. Warsaw :
Name of publisher, distributor, etc. Bi-defus Y. Lebenzohn,
Date of publication, distribution, etc. 636, 1876.
300 ## - PHYSICAL DESCRIPTION
Extent 132 p. ;
Dimensions 23 cm.
700 0# - ADDED ENTRY--PERSONAL NAME
Personal name Enoch Zondel ben Joseph,
Dates associated with a name -1867.
740 0# - ADDED ENTRY--UNCONTROLLED RELATED/ANALYTICAL TITLE
Uncontrolled related/analytical title ʻEts Yosef.
740 0# - ADDED ENTRY--UNCONTROLLED RELATED/ANALYTICAL TITLE
Uncontrolled related/analytical title ʻAnaf Yosef.
740 0# - ADDED ENTRY--UNCONTROLLED RELATED/ANALYTICAL TITLE
Uncontrolled related/analytical title Yad Yosef.
752 ## - ADDED ENTRY--HIERARCHICAL PLACE NAME
Country or larger entity Poland
City Warsaw

No items available.

Powered by Koha